Preskoči na sadržaj

Расчѐт затрат на перевозку грузов и пассажиров автомобильным транспортом в международном сообщении методические указания

Предназначены для студентов - бакалавров направления подготовки 23.03.01 «Технология транспортных процессов» всех форм обучения при выполнении расчета затрат в выпускной квалификационной работе и предложены для использования преподавателями дисциплины «Экономика международных автомобильных перевозок...

Cijeli opis

Spremljeno u:
Bibliografski detalji
Format: Книга
Jezik:Russian
Izdano: Омск СибАДИ 2021
Online pristup:https://e.lanbook.com/book/176607
https://e.lanbook.com/img/cover/book/176607.jpg
Oznake: Dodaj oznaku
Bez oznaka, Budi prvi tko označuje ovaj zapis!
LEADER 01542nam0a2200229 i 4500
001 176607
003 RuSpLAN
005 20221220174131.0
008 221220s2021 ru gs 000 0 rus
040 |a RuSpLAN 
041 0 |a rus 
044 |a ru 
080 |a 656.13.01:06 
245 0 0 |a Расчѐт затрат на перевозку грузов и пассажиров автомобильным транспортом в международном сообщении  |b методические указания 
260 |a Омск  |b СибАДИ  |c 2021 
300 |a 73 с. 
504 |a Библиогр.: доступна в карточке книги, на сайте ЭБС Лань 
520 8 |a Предназначены для студентов - бакалавров направления подготовки 23.03.01 «Технология транспортных процессов» всех форм обучения при выполнении расчета затрат в выпускной квалификационной работе и предложены для использования преподавателями дисциплины «Экономика международных автомобильных перевозок». 
521 8 |a Книга из коллекции СибАДИ - Инженерно-технические науки 
856 4 |u https://e.lanbook.com/book/176607 
856 4 8 |u https://e.lanbook.com/img/cover/book/176607.jpg 
953 |a https://e.lanbook.com/img/cover/book/176607.jpg 
Cannot write session to /tmp/vufind_sessions/sess_hl5fbpg0abo2o7jo9vij7bds2k